00777cam a2200217 a 450000100100000000500170001000800410002702000150006803500190008304000250010208200200012710000330014724500770018026000770025730000210033449000280035558600780038365000280046165000420048983000280053100000966620200929161649.0911010s1992 pr 001 0 spa  a0865814562 a(DLC) 91058538 aDO-SdBNPbspacBNPHU aPR862.44bR175c1 aRamos-Perea, Roberto,d1959-10aCueva de ladrones o Revolución en el paraíso /cRoberto Ramos-Perea. aSan Juan, (Puerto Rico) :bInstituto de Cultura Puertorriqueña,c1992. a127 p. ;c22 cm.1 aTeatro puertorriqueño aPremio René Marqués de Dramaturgia del Ateneo Puertorriqueño, 1984. 4aTeatro puertorriqueño 4aLiteratura puertorriqueñaySIGLO XX 0aTeatro puertorriqueño